000
00407nam a22001697a 4500
003
MPLRDC
005
20220104114744.0
008
210129b ||||| |||| 00| 0 eng d
082
_a
895 QPH
100
_a
邱沛篁
245
_a
新闻写作艺术
_c
250
_a
第一版
260
_a
_b
四川人民出版社
_c
1992
300
_b
平
650
_a
新闻采访及新闻写作
942
_c
BK
_o
895 QPH
999
_c
9970
_d
9960